00682nam a22002297a 45000010005000000030006000050050017000110080041000280200018000690400029000870500013001160820011001291000020001402450052001602600037002123000049002495050008002985200074003065210020003805210020004006500032004205556FISKH20250827143137.0241217b cb ||||| |||| 00| 0 eng d a9780545156288 aFISKHbengcFISKHdFISKH aND249.C3 a759.11 aDebon, Nicolas  aFour pictures by Emily Carr /cby Nicolas Debon aNew York : bScholastic ;c2013. a29 pages : bcolor illustrations ;c21 cm .  aR  aEmily Carr's life story is told in this highly original picture book.8 a770 bLexile 8 aR bRaz-Plus  aartistsvhistorical fiction